Del hematocele retro-uterino (Record no. 113126)

MARC details
000 -LEADER
campo de control de longitud fija 00612nam a2200169 i 4500
001 - NÚMERO DE CONTROL
campo de control 113126
003 - IDENTIFICADOR DE NÚMERO DE CONTROL
campo de control ES-MaACL
005 - FECHA Y HORA DE LA ÚLTIMA TRANSACCIÓN
campo de control 20230906185751.0
007 - CAMPO FIJO DE DESCRIPCIÓN FÍSICA--INFORMACIÓN GENERAL
campo de control de longitud fija t|
008 - DATOS DE LONGITUD FIJA--INFORMACIÓN GENERAL
campo de control de longitud fija 061121s1911 sp r ||||1| spa d
100 1# - ENTRADA PRINCIPAL--NOMBRE DE PERSONA
Nombre de persona Núñez Hernández, Emilio.
9 (RLIN) 86203
245 10 - MENCIÓN DEL TÍTULO
Título Del hematocele retro-uterino
Resto del título : su tratamiento : tesis del doctorado /
Mención de responsabilidad, etc. leida en la Facultad de Medicina el dia 21 de Noviembre de 1911 por D. Emilio Núñez Hernández.
260 ## - PUBLICACIÓN, DISTRIBUCIÓN, ETC.
Lugar de publicación, distribución, etc. Madrid :
Nombre del editor, distribuidor, etc. [s. n.],
Fecha de publicación, distribución, etc. 1911 (
Fabricante Imp. Helénica)
300 ## - DESCRIPCIÓN FÍSICA
Extensión 30 p. ;
Dimensiones 23 cm.
650 #4 - PUNTO DE ACCESO ADICIONAL DE MATERIA--TÉRMINO DE MATERIA
Término de materia o nombre geográfico como elemento de entrada Útero-
Subdivisión general Enfermedades.
9 (RLIN) 137009
852 ## - LOCALIZACIÓN
Ubicación ES-MaACL
Número de control de estantería T-1315-F-4
Holdings
Estatus retirado Estado de pérdida Estado de daño No para préstamo Colección Biblioteca de origen Biblioteca actual Ubicación en estantería Fecha de adquisición Fuente de adquisición Total de préstamos Signatura topográfica completa Código de barras Visto por última vez Precio de reemplazo Tipo de ítem Koha
        Colección de folletos Biblioteca del Ateneo de Madrid Biblioteca del Ateneo de Madrid Depósito folletos 17/01/2008     T-1315-F-4 1117998 23/02/2023 23/02/2023 Folleto